The world of Islamic art / (Record no. 60626)
[ view plain ]
| 000 -الفاتح | |
|---|---|
| حقل البيانات ثابتة الطول | 00842nam a22002777a 4500 |
| 005 - وقت وتاريخ اخر تعامل مع التسجيلة | |
| رقم الضبط | 20240530110419.0 |
| 008 - عناصر البيانات ثابتة الطول - معلومات عامة | |
| حقل البيانات ثابتة الطول | 150309s2007 ua afp f b 001 0 eng d |
| 022 ## - الرقم الدولى المعيارى للدوريات | |
| المصدر | 9789774161124 |
| 035 ## - رقم ضبط النظام | |
| رقم ضبط النظام | xx003008199 |
| 040 ## - مصدر الفهرسة | |
| وكالة الفهرسة الأصلية | EG-CaGPL |
| وكالة النسخ | EG-CaGPL |
| 041 1# - رمز اللغة | |
| رمز لغة النص/ المسارات الصوتية أو العنوان الانفرادي | eng |
| 082 04 - رقم تصنيف ديوى العشرى | |
| رقم الطبعة | 21 |
| رقم التصنيف | 709.1\ |
| رقم المادة | K W |
| 100 1# - المدخل الرئيسى - إسم شخصى | |
| الإسم الشخصى | O'Kane, Bernard. |
| 245 14 - بيان العنوان | |
| العنوان | The world of Islamic art / |
| بيان المسئوليه,etc | Bernard O'Kane. |
| 250 ## - بيان الطبعة | |
| بيان الطبعة | Ed. 1 |
| 260 ## - PUBLICATION, DISTRIBUTION, ETC. (IMPRINT) | |
| تاريخ النشر أو التوزيع | 2007 |
| 300 ## - الوصف المادى | |
| التعداد | 224 p. : |
| تفاصيل ماديه اخرى للوعاء | ill. (chiefly col.) ; |
| أبعاد الوعاء | 33 cm. |
| 500 ## - تبصرة عامة | |
| تبصرة عامة | Zawiera mapę. |
| 500 ## - تبصرة عامة | |
| تبصرة عامة | Na s. red.: ed. published by arrangement with Duncan Baird Publisher. |
| 504 ## - تبصرة ببليوجرافية | |
| تبصرة ببليوجرافية,الخ | Includes bibliographical references . |
| 650 #0 - المدخل الاضافى بالموضوع-مصطلح موضوعى | |
| مصطلح موضوعي | Islamic art |
| 650 #0 - المدخل الاضافى بالموضوع-مصطلح موضوعى | |
| مصطلح موضوعي | Arts |
| 650 #0 - المدخل الاضافى بالموضوع-مصطلح موضوعى | |
| مصطلح موضوعي | Sztuka islamska |
| التقسيم الفرعي الشكلي | wydawnictwa ilustrowane. |
| 942 ## - عناصر المدخل الإضافي( كوها) | |
| مصدر التصنيف او مخطط الترفيف | Dewey Decimal Classification |
| Koha [default] item type | كتاب |
| 260 ## - PUBLICATION, DISTRIBUTION, ETC. (IMPRINT) | |
| -- | Cairo : |
| -- | The American University in Cairo Press, |
| حالة التراجع | حالة الفقد | مصدر التصنيف او خطة الترفيف | حالة تلف | ليس للاعارة | المكان المؤقت | الموقع الحالى | تاريخ الاكتساب | اجمالي اﻻعارات | رقم الطلب | الباركود | تاريخ اخر مشاهدة | تاريخ تفعيل السعر | نوع وعاء كوها |
|---|---|---|---|---|---|---|---|---|---|---|---|---|---|
| ddc | مكتبة القاهرة الكبرى | مكتبة القاهرة الكبرى | 03/10/2015 | 709.1\ K W | 159725 | 03/10/2015 | 03/10/2015 | كتاب |

